| 000 | 00490nam a2200193Ia 4500 | ||
|---|---|---|---|
| 005 | 20250326142438.0 | ||
| 008 | 250326s9999 xx 000 0 und d | ||
| 037 | _aTextbook | ||
| 040 |
_aFMSL _beng _cFMSL |
||
| 041 |
_aeng _2eng |
||
| 084 | _qFMSL | ||
| 100 | _aMurphy H A | ||
| 245 | 0 |
_aEffective business communication _cMurphy H A And Others |
|
| 250 | _aEd 7 | ||
| 260 |
_aBoston _bBoston, McGraw Hill _c1997 |
||
| 300 | _a639p | ||
| 942 | _cTB | ||
| 999 |
_c1295058 _d1295058 |
||